Statistics for NBA Top 10 Worst Draft Picks All-Time

Click here to take the quiz!

General Stats

  • This quiz has been taken 26 times
  • The average score is 4 of 12

Answer Stats

Player Draft Career Stats Player missed % Correct
Anthony Bennett #1, 2013, Cavs G=151, PTS=4.4, REB=3.1Giannis Antetokounmpo, Victor Oladipo, Rudy Gobert...
80%
Kwame Brown#1, 2001, WizardsG=607, PTS=6.6, REB=5.5Pau Gasol, Tony Parker, Gilbert Arenas...
80%
Sam Bowie#2, 1984, BlazersG=511, PTS=10.9, REB=7.5Michael Jordan, Charles Barkley, John Stockton...
45%
Michael Olowokandi#1, 1998, ClippersG=500, PTS=8.3, REB=6.8Dirk Nowitzki, Paul Pierce, Vince Carter
45%
Greg Oden#1, 2007, BlazersG=105, PTS=8.0, REB=6.2Kevin Durant, Al Horford, Marc Gasol...
40%
Darko Miličić#2, 2003, PistonsG=468, PTS=6.0, REB=4.2Dwyane Wade, Chris Bosh, Carmelo Anthony...
35%
LaRue Martin#1 ,1972, BlazersG=271, PTS=5.3, REB=4.6Julius Erving, Bob McAdoo, Paul Westphal...
25%
Marvin Williams#2, 2005, HawksG=1066, PTS=10.3, REB=5.2Chris Paul, Deron Williams, David Lee...
20%
Joe Smith#1, 1995, WarriorsG=1030, PTS=10.9, REB=6.4Kevin Garnett, Rasheed Wallace, Jerry Stackhouse...
15%
Pervis Ellison#1, 1989, KingsG=474, PTS=9.5, REB=6.7Shawn Kemp, Vlade Divac, Tim Hardaway...
15%
Johnny Flynn#6, 2009, WolvesG=163, PTS=9.2, AST=3.9Stephen Curry, DeMar DeRozan, Jrue Holiday
5%
Chris Washburn#3, 1986, WarriorsG=72, PTS=3.1, REB=2.4Dennis Rodman, Mark Price, Dražen Petrović...
0%

Score Distribution

Percentile by Number Answered

Percent of People with Each Score

Your Score History

You have not taken this quiz